Non mi vestirò di rosa /

Guardat en:
Dades bibliogràfiques
Autors principals: Dunbar, Joyce (Autor), Dunbar, Polly (Autor)
Altres autors: Pardi, Nicoletta (Traductor)
Format: Llibre
Idioma:italià
Publicat: [Milano] : lo Stampatello, 2016
Etiquetes: Afegir etiqueta
Sense etiquetes, Sigues el primer a etiquetar aquest registre!

MARC

LEADER 00000nam a22000007i 4500
001 IT\ICCU\UBO\4180395
003 ItRI
005 20260115232206.0
008 160428s2016 it |||||| ||||| |||||c
020 |a 9788898312276 
040 |b ita  |c importazione bologna sebina 
041 7 |a ita  |2 ISO-639-2 
100 1 |a Dunbar, Joyce  |0 IT\ICCU\CFIV\121696  |4 aut 
240 1 0 |a I will not wear Pink  |3 IT\ICCU\UBO\4180399  |9 Dunbar, Joyce 
245 1 0 |a Non mi vestirò di rosa /  |c Joyce Dunbar, Polly Dunbar. 
260 |a [Milano] :  |b lo Stampatello,  |c 2016 
300 |a [36] p. :  |b in gran parte ill. ;  |c 29 cm 
500 |a Traduzione di Nicoletta Pardi. 
700 1 |a Dunbar, Polly  |0 IT\ICCU\PARV\436873  |4 aut 
700 1 |a Pardi, Nicoletta  |0 IT\ICCU\CFIV\039203  |4 trl 
942 |2 ddc  |c BK  |n 0 
952 |0 0  |1 0  |4 0  |6 R_821_914000000000000_DUN  |7 0  |9 21685  |a BO  |b BO  |d 2026-01-15  |i 20445  |l 0  |o R 821.914 DUN  |p BO20445  |r 2026-01-15 23:22:06  |w 2026-01-15  |x [Sebina 5] [1 v.]  |y BK  |z 1 v. 
999 |c 18522  |d 18522